=LDR 00000nam 2200000 4500 =001 INLIS000000000039106 =005 20240614023205 =035 ##$$a 0010-061300000039106 =008 240614################g##########0#ind## =041 ##$$a ind =082 ##$$a 813 =090 ##$$a 813, rob p =100 ##$$a Robb, JD =245 1#$$a Pembalasan dalam Kematian /$c J.D. Robb =650 #4$$a Fiksi =850 ##$$a NBPNMAT =084 ##$$a 813 ROB p =260 ##$$a Jakarta :$b Gramedia,$c 2009 =300 ##$$a 480 hlm ; $c 18 cm =990 ##$$a 21111724